Quiz Martyflette - Statistiques

Statistiques générales
  • Ce quiz a été pris 15 fois
  • Le résultat moyen est 14 sur 23
Statistiques - réponses
Hint Réponse % Correct
Qui est présent sur la photo du groupe messenger? Antho
100%
Qui a fait le photomontage légendaire des membres du groupe? Cyril
90%
Qui s'est inscrit à la france à un incroyable talent? Cyril
90%
Qui a eu comme surnom Bande ana? Léa
90%
Qui a surnommé le groupe Gang des Martyflettes (emoji fromage, emoji ours)? Léa
90%
Qui a créé le groupe des Martyflettes? Morgane
90%
Qui a surnommé Océane par "Manon"? Thomas
90%
Qui a la chaîne youtube airvapes? Victor
90%
Qui a un chapeau? Simon
80%
Qui a eu comme surnom "On t'apelle l'ovni"? Elsa
60%
Pour quel anniversaire 2 garçons sont arrivés épilés? (+ simon imberbe) Elsa
60%
Qui a supprimé "sans faire exprès" Morgane de Mario kart mobile Lucie
60%
Comment s'appelles le bar à jeu où je me suis endormi (rompiches) Ludic
60%
Quelle plateforme en ligne de l'université était utilisé notamment par cyril comme réseau social Moodle
60%
Quelle prof avait une abeille tatoué sur le poignet Alice
50%
Qui aime la vitesse? Titou
50%
Comment se nomme le gars sur la photo du quiz? Vincent Piou
50%
Quel était le premier nom du groupe Martyflette? Stage Eco
40%
Par quelle prof hugo bonnet a été invité dans son bureau Vetillard
40%
En quelle année 3 adjudants ont réussi le NNN 2019
30%
Quel prof a une bière Jackie et michel sur son bureau Treilhou
30%
Quel est le premier message écrit du groupe? Antho a fait coucou au groupe
20%
Comment s'appelle l'élève qui n'a jamais mis les pieds à Champollion Hugo forestou
10%
Aucun quiz correspondant
Distribution des résultats
% des personnes avec chaque résultat
Percentile par nombre de réponses
Votre historique - résultats
Vous n’avez pas pris ce quiz